00372nam a22001337a 4500020001800000082001800018100002000036245002200056260004100078300002600119500002000145650002200165700005100187 a9788120338401 a621.31042 SIV aSivanagaraju, S aPower electronics aNew Delhi, IndiabPHI Learningc2010 axiii, 553 p. bill. ; aIncludes index. aPower Electronics aReddy, M. Balasubba and Prasad A. Mallikarjuna